Schlechtesten Mannschaften - 3. Fußball-Liga - Statistiken

Allgemein
  • Dieses Quiz wurde 200 mal gespielt
    24 seit der letzten Aktualisierung
  • Das Durchschnittsergebnis liegt bei 8 aus 17
Antwortstatistiken
Antwort % Korrekt
1. FC Schweinfurt 05
87%
SpVgg Unterhaching
74%
Alemannia Aachen
70%
FC Carl Zeiss Jena
70%
FC Rot-Weiß Erfurt
65%
Türkgücü München
61%
SC Freiburg II
52%
Stuttgarter Kickers
52%
SpVgg Bayreuth
48%
SSV Jahn Regensburg
43%
FSV Frankfurt
39%
VfR Aalen
39%
Werder Bremen II
39%
Wuppertaler SV
35%
1. FC Saarbrücken
30%
Rot Weiss Ahlen
26%
VfB Stuttgart II
13%
Keine übereinstimmenden Quizze gefunden
Verteilung der Resultate
Anzahl Personen mit jedem Resultat
Perzentil nach korrekt beantworteten Fragen
Ihre Resultats-Entwicklung
Sie haben dieses Quiz seit der letzten Aktualisierung nicht gespielt